| Tag |
First Indicator |
Second Indicator |
Subfields |
| LEADER |
00000cam a2200000 i 4500 |
| 001 |
in00003901331 |
| 005 |
20180718084638.0 |
| 008 |
170626s2017 enkabf b 001 0 eng d |
| 020 |
|
|
|a 1473887321
|q hardcover
|
| 020 |
|
|
|a 9781473887329
|q hardcover
|
| 035 |
|
|
|a (OCoLC)on1022274789
|
| 040 |
|
|
|a YDX
|e rda
|c YDX
|d COO
|d BWK
|d TXA
|d UtOrBLW
|
| 043 |
|
|
|a e------
|a aw-----
|a ff-----
|
| 049 |
|
|
|a TXAM
|
| 082 |
0 |
|
|a 937/.05
|2 23
|
| 090 |
|
|
|a DG254
|b .S24 2017
|
| 100 |
1 |
|
|a Sampson, Gareth C.,
|e author.
|0 http://id.loc.gov/authorities/names/no2008109879
|
| 245 |
1 |
0 |
|a Rome, blood & politics :
|b reform, murder and popular politics in the late Republic 133-70 BC /
|c Gareth C. Sampson.
|
| 246 |
3 |
0 |
|a Rome, blood and politics
|
| 264 |
|
1 |
|a Barnsley, South Yorkshire, UK :
|b Pen & Sword Military,
|c 2017.
|
| 300 |
|
|
|a xvii, 286 pages, 6 unnumbered pages of plates :
|b illustrations, maps ;
|c 24 cm.
|
| 336 |
|
|
|a text
|b txt
|2 rdacontent
|
| 336 |
|
|
|a still image
|b sti
|2 rdacontent
|
| 336 |
|
|
|a cartographic image
|b cri
|2 rdacontent
|
| 337 |
|
|
|a unmediated
|b n
|2 rdamedia
|
| 338 |
|
|
|a volume
|b nc
|2 rdacarrier
|
| 504 |
|
|
|a Includes bibliographical references and index.
|
| 651 |
|
0 |
|a Rome
|x History
|y Republic, 265-30 B.C.
|0 http://id.loc.gov/authorities/subjects/sh85115116
|
| 945 |
|
|
|a PromptCat
|
| 948 |
|
|
|a cataloged
|b h
|c 2018/3/13
|d c
|e dmitchel
|f 10:50:40 am
|
| 994 |
|
|
|a C0
|b TXA
|
| 999 |
f |
f |
|s 9e1e3c7a-a5e3-3aad-8c28-f18c3bd24f2e
|i d9e28374-fc87-3a2e-a1ad-8b9eb933e247
|t 0
|
| 952 |
f |
f |
|p normal
|a Texas A&M University
|b College Station
|c Sterling C. Evans Library
|d Evans: Library Stacks
|t 0
|e DG254 .S24 2017
|h Library of Congress classification
|i unmediated -- volume
|m A14850289779
|
| 998 |
f |
f |
|a DG254 .S24 2017
|t 0
|l Evans: Library Stacks
|